00752cam a22002531 4500001001300000003000400013005001700017008004100034010001700075035002000092040001800112042001200130050001600142245003700158260001000195300002500205500004700230500004700277650003600324650003700360710005000397740003400447999001700481sa 65006477 DLC20260227112142.0890802s1962 ii d 001 0 kano  asa 65006477  a(OCoLC)20113295 aDLCcWaUdDLC apremarc00aPL4651b.I500aIndina Kannaḍa barahagāraru. c1962. aviii, 119 p.c21 cm. aAdded t. p.: Who's who of Kannada writers. aIn Kannada; "Index of authors" in English. 0aAuthors, KannadavDictionaries. 0aAnonyms and pseudonyms, Kannada.2 aSouthern Languages Book Trust (Madras, India)0 aWho's who of Kannada writers. c64672d64672